Statistiques concernant Pokemon - Les Pokemon de la 8G

Cliquez ici pour prendre le quiz!

Statistiques générales

  • Ce quiz a été pris 20 fois
  • Le résultat moyen est 64 sur 96

Statistiques - réponses

NuméroNom% Correct
#813Flambino
100%
#816Larméléon
100%
#818Lézargus
100%
#810Ouistempo
100%
#811Badabouin
90%
#823Corvaillus
90%
#812Gorythmic
90%
#814Lapyro
90%
#815Pyrobut
90%
#817Arrozard
80%
#822Bleuseille
80%
#896Blizzeval
80%
#857Chapotus
80%
#864Corayôme
80%
#827Goupilou
80%
#887Lanssorien
80%
#821Minisange
80%
#831Moumouton
80%
#819Rongourmand
80%
#820Rongrigou
80%
#828Roublenard
80%
#858Sorcilence
80%
#897Spectreval
80%
#898Sylveroy
80%
#867Tutétékri
80%
#888Zacian
80%
#889Zamazenta
80%
#861Angoliath
70%
#826Astronelle
70%
#856Bibichut
70%
#830Blancoton
70%
#886Dispareptil
70%
#890Éthernatos
70%
#885Fantyrm
70%
#860Fourbelin
70%
#881Galvagla
70%
#880Galvagon
70%
#850Grillepattes
70%
#859Grimalin
70%
#870Hexadron
70%
#883Hydragla
70%
#882Hydragon
70%
#862Ixon
70%
#833Khélocrok
70%
#824Larvadar
70%
#866M.Glaquette
70%
#832Moumouflon
70%
#865Palarticho
70%
#849Salarsen
70%
#851Scolocendre
70%
#892Shifours
70%
#834Torgamord
70%
#829Tournicoton
70%
#848Toxizap
70%
#893Zarude
70%
#905Amovénus
60%
#878Charibari
60%
#869Charmilly
60%
#825Coléodôme
60%
#868Crémy
60%
#874Dolman
60%
#842Dratatin
60%
#884Duralugon
60%
#903Farfurex
60%
#836Fulgudog
60%
#847Hastacuda
60%
#845Nigosier
60%
#879Pachyradjah
60%
#855Polthégeist
60%
#841Pomdrapi
60%
#895Regidrago
60%
#894Regieleki
60%
#901Ursaking
60%
#840Verpom
60%
#835Voltoutou
60%
#891Wushours
60%
#875Bekaglaçon
50%
#863Berserkatt
50%
#846Embrochet
50%
#853Krakos
50%
#877Morpeko
50%
#902Paragruel
50%
#852Poulpaf
50%
#854Théffroi
50%
#871Wattapik
50%
#876Wimessir
50%
#873Beldeneige
40%
#899Cerbyllin
40%
#837Charbi
40%
#844Dunaconda
40%
#843Dunaja
40%
#872Frissonille
40%
#90Hachécateur
40%
#839Monthracite
40%
#838Wagomine
40%
#904Qwilpik
30%

Distribution des résultats

Percentile par nombre de réponses

% des personnes avec chaque résultat

Votre développement - résultats

Vous n’avez pas pris ce quiz